[Event "7. LGA Premium Cup"]
[Site "Nürnberg"]
[Date "2010.09.03"]
[Round "2.45"]
[White "Troyke, Doreen"]
[Black "Henrichs, Thomas"]
[Result "1-0"]
[WhiteElo "2078"]
[BlackElo "2507"]
[PlyCount "89"]
[EventDate "2010.??.??"]
[WhiteTeam "Erfurter Schachklub"]
[BlackTeam "Schachclub Hansa Dortmund e.V."]

1. c4 c5 2. g3 g6 3. Bg2 Bg7 4. Nc3 Nc6 5. e3 Bxc3 6. bxc3 b6 7. Nf3 Bb7 8. O-O
d6 9. d3 Qd7 10. e4 e6 11. Qc2 h6 12. Be3 Nge7 13. Nd2 f5 14. f4 Na5 15. Rae1
O-O-O 16. Nb3 Nec6 17. Rf2 Qf7 18. Rfe2 Kb8 19. Bf2 g5 20. exf5 Qxf5 21. Rxe6
gxf4 22. Nxa5 Nxa5 23. Bxb7 Kxb7 24. Qe2 fxg3 25. Bxg3 Rd7 26. Qe4+ Qxe4 27.
R1xe4 d5 28. cxd5 Rxd5 29. d4 cxd4 30. Rxd4 Rc5 31. Rd7+ Ka6 32. Be5 Rf8 33.
Kg2 Nc6 34. Bg7 Rf4 35. Bxh6 Ra4 36. Bg7 Rxa2+ 37. Kg3 Kb5 38. h4 a5 39. Rc7
Rd2 40. h5 Rg5+ 41. Kf4 Nd8 42. Re5+ Rxe5 43. Bxe5 Ne6+ 44. Ke3 Rd5 45. c4+ 1-0

[Event "7. LGA Premium Cup"]
[Site "Nürnberg"]
[Date "2010.09.03"]
[Round "2.46"]
[White "Redzepovic, Irfan"]
[Black "Maiwald, Jens-Uwe"]
[Result "0-1"]
[WhiteElo "2102"]
[BlackElo "2483"]
[PlyCount "62"]
[EventDate "2010.??.??"]
[WhiteTeam "SW Nürnberg Süd e.V."]
[BlackTeam "USV TU Dresden"]

1. d4 g6 2. Nf3 Bg7 3. Bg5 d6 4. e3 Nf6 5. Bd3 O-O 6. O-O c5 7. c3 Be6 8. Qe2
h6 9. Bh4 Nc6 10. Nbd2 Nh5 11. dxc5 dxc5 12. Ne4 Qb6 13. Nfd2 Rad8 14. Nc4 Qc7
15. Nxc5 Bxc4 16. Bxc4 Ne5 17. Nb3 Nxc4 18. Bxe7 Qxe7 19. Qxc4 Nf6 20. Qe2 Ne4
21. Nd4 a6 22. Rfe1 Rd6 23. f3 Nc5 24. Qc4 Rc8 25. Rad1 b5 26. Qb4 Qd7 27. b3
Nb7 28. a4 bxa4 29. bxa4 Nc5 30. a5 Na4 31. Rc1 Nxc3 0-1

[Event "7. LGA Premium Cup"]
[Site "Nürnberg"]
[Date "2010.09.03"]
[Round "2.48"]
[White "Seifert, Volker"]
[Black "Bonk, Andras"]
[Result "1-0"]
[WhiteElo "2332"]
[BlackElo "1859"]
[PlyCount "65"]
[EventDate "2010.??.??"]
[WhiteTeam "USV TU Dresden"]
[BlackTeam "SV Mendig-Mayen e.V."]

1. d4 Nf6 2. c4 e6 3. Nc3 Bb4 4. Qc2 c5 5. dxc5 Na6 6. a3 Bxc3+ 7. Qxc3 Nxc5 8.
b4 Nce4 9. Qb2 Nh5 10. g3 d5 11. c5 f5 12. f3 Nef6 13. Be3 Bd7 14. Bg2 O-O 15.
Bd4 Ne8 16. f4 Nef6 17. Nf3 Ne4 18. O-O Qe8 19. Ne5 Bb5 20. Rf3 Nhf6 21. a4
Bxa4 22. Rfa3 Bb5 23. Rxa7 Rxa7 24. Rxa7 Qb8 25. Ra5 Be8 26. b5 Qc7 27. Qa3 Nd2
28. c6 bxc6 29. Ra7 Qb8 30. Qe7 Nh5 31. Qxe6+ Kh8 32. Qe7 Kg8 33. Rb7 1-0

[Event "7. LGA Premium Cup"]
[Site "Nürnberg"]
[Date "2010.09.03"]
[Round "2.49"]
[White "Löw, Gerald"]
[Black "Uhlmann, David"]
[Result "1/2-1/2"]
[WhiteElo "2263"]
[BlackElo "1997"]
[PlyCount "89"]
[EventDate "2010.??.??"]
[WhiteTeam "TSV Bindlach Aktionär-Schachabte"]
[BlackTeam "SC 1911 Großröhrsdorf"]

1. c4 c5 2. g3 g6 3. Bg2 Bg7 4. Nc3 Nc6 5. a3 a5 6. Nf3 d6 7. O-O e5 8. d3 Nge7
9. Ne1 O-O 10. Nc2 Be6 11. Ne3 Rb8 12. Ned5 Bxd5 13. Nxd5 Nxd5 14. Bxd5 Ne7 15.
Bg2 b5 16. cxb5 Rxb5 17. Rb1 Qb6 18. Qa4 Rb8 19. Rd1 Kf8 20. Rd2 Rb3 21. Rc2
Qb5 22. Rc4 Ke8 23. Kf1 Kd7 24. Ke1 d5 25. Qxb5+ R8xb5 26. Ra4 Kd6 27. Kd2 f5
28. Kc2 Nc6 29. e3 e4 30. dxe4 fxe4 31. f3 exf3 32. Bxf3 Ne5 33. Be2 c4 34. e4
Nd3 35. exd5 Kxd5 36. Bxd3 cxd3+ 37. Kd1 Bxb2 38. Bxb2 Rxb2 39. Rxb2 Rxb2 40.
Rxa5+ Ke4 41. h4 Ke3 42. Re5+ Kf3 43. h5 gxh5 44. Rxh5 Ra2 45. Rxh7 1/2-1/2

[Event "7. LGA Premium Cup"]
[Site "Nürnberg"]
[Date "2010.09.03"]
[Round "2.50"]
[White "Lauterbach, Ingrid"]
[Black "Klundt, Klaus"]
[Result "0-1"]
[WhiteElo "2169"]
[BlackElo "2355"]
[PlyCount "76"]
[EventDate "2010.??.??"]
[WhiteTeam "Karlsruher SF 1853"]
[BlackTeam "SC Heusenstamm"]

1. e4 c5 2. Nf3 Nc6 3. Bb5 d6 4. O-O Bd7 5. Re1 Nf6 6. c3 a6 7. Bf1 Bg4 8. h3
Bh5 9. d3 e6 10. Nbd2 Be7 11. Qb3 O-O 12. d4 cxd4 13. Nxd4 Na5 14. Qc2 Rc8 15.
Bd3 Bg6 16. b3 Nd7 17. Bb2 Nc5 18. Bf1 d5 19. b4 Nxe4 20. bxa5 e5 21. Nxe4 exd4
22. Bd3 dxe4 23. Bxe4 dxc3 24. Bc1 Re8 25. Bxg6 hxg6 26. Rb1 Bd6 27. Be3 Qxa5
28. Rxb7 Qf5 29. Rc1 Qxc2 30. Rxc2 Be5 31. Kf1 f5 32. Rb6 f4 33. Bc1 Rb8 34.
Rc6 Bf6 35. Kg1 Re1+ 36. Kh2 Be5 37. R6xc3 f3+ 38. g3 Bxc3 0-1

[Event "7. LGA Premium Cup"]
[Site "Nürnberg"]
[Date "2010.09.03"]
[Round "2.51"]
[White "Khanukov, Boris"]
[Black "Ortpaul, Mario"]
[Result "1-0"]
[WhiteElo "2361"]
[BlackElo "1958"]
[PlyCount "47"]
[EventDate "2010.??.??"]
[WhiteTeam "Stift. Bahn-Sozialwerk Schachgr."]
[BlackTeam "Schachklub Halle 1946 e.V."]

1. d4 Nf6 2. Nf3 e6 3. g3 b6 4. Bg2 Bb7 5. O-O Be7 6. c4 O-O 7. Qc2 d6 8. Nc3
Nbd7 9. Rd1 d5 10. Ne5 Rc8 11. cxd5 exd5 12. Qa4 c6 13. Qxa7 Qc7 14. Nxd7 Qxd7
15. Qxb6 Bd8 16. Qb3 Ba6 17. Qc2 Re8 18. Bf4 Nh5 19. Bc1 Ba5 20. e3 c5 21. dxc5
Rxc5 22. Rxd5 Rxd5 23. Nxd5 Rc8 24. Qd1 1-0

[Event "7. LGA Premium Cup"]
[Site "Nürnberg"]
[Date "2010.09.03"]
[Round "2.52"]
[White "Saathoff, Richard"]
[Black "Adelhütte, Dennis"]
[Result "1-0"]
[WhiteElo "2152"]
[BlackElo "1942"]
[PlyCount "59"]
[EventDate "2010.??.??"]
[WhiteTeam "SW Nürnberg Süd e.V."]
[BlackTeam "SC Erlangen 48/88"]

1. e4 e6 2. d4 d5 3. Nc3 Nf6 4. Bg5 Bb4 5. e5 h6 6. Bd2 Bxc3 7. bxc3 Ne4 8. Qg4
Kf8 9. h4 c5 10. Bd3 Nxd2 11. Kxd2 Qa5 12. Nf3 Nc6 13. Qf4 Kg8 14. Rh3 c4 15.
Be2 Qa3 16. Nh2 Bd7 17. Bh5 Be8 18. Rg3 Ne7 19. Rf3 g6 20. Ng4 Kg7 21. Nf6 Rf8
22. Bg4 Ba4 23. Rg3 Qb2 24. Rc1 Nf5 25. Bxf5 exf5 26. Qxf5 Be8 27. Nxd5 Qxa2
28. Qf6+ Kh7 29. Rxg6 fxg6 30. Qxf8 1-0

[Event "7. LGA Premium Cup"]
[Site "Nürnberg"]
[Date "2010.09.03"]
[Round "2.53"]
[White "Pühn, Georg"]
[Black "Mihok, Laszlo"]
[Result "1-0"]
[WhiteElo "1961"]
[BlackElo "2151"]
[PlyCount "79"]
[EventDate "2010.??.??"]
[WhiteTeam "SC Noris-Tarrasch Nürnberg 1873"]
[BlackTeam "SK Tempelhof 1931 e.V."]

1. e4 e5 2. Nf3 Nf6 3. Nxe5 Nxe4 4. d4 d6 5. Nf3 d5 6. h3 Bd6 7. Bd3 O-O 8. O-O
Nd7 9. c4 c6 10. Qc2 Ndf6 11. Nc3 Nxc3 12. bxc3 h6 13. Re1 Be6 14. c5 Bc7 15.
Ne5 Nd7 16. f4 Nxe5 17. fxe5 Qh4 18. Be3 b6 19. cxb6 axb6 20. Bf2 Qe7 21. Qe2
Ra3 22. Rac1 Rfa8 23. Bb1 g6 24. Be3 Kg7 25. Rf1 Rh8 26. Rf6 Bd8 27. Qb2 Ra6
28. Rcf1 Qe8 29. R6f3 Be7 30. Qd2 Qd8 31. Qf2 Ra3 32. Rxf7+ Kg8 33. Bxg6 Rxc3
34. h4 Bxh4 35. g3 Be7 36. Qd2 Rxe3 37. Qxe3 c5 38. Qd3 Bxf7 39. Bxf7+ Kf8 40.
Bh5+ 1-0

[Event "7. LGA Premium Cup"]
[Site "Nürnberg"]
[Date "2010.09.03"]
[Round "2.54"]
[White "Herning, Jens"]
[Black "Thürauf, Peter"]
[Result "1-0"]
[WhiteElo "2151"]
[BlackElo "1920"]
[PlyCount "71"]
[EventDate "2010.??.??"]
[WhiteTeam "SG Büchenbach/Roth e.V."]
[BlackTeam "SW Nürnberg Süd e.V."]

1. d4 d5 2. c4 c6 3. Nf3 Nf6 4. Nc3 e6 5. e3 Bd6 6. Bd3 O-O 7. O-O Nbd7 8. e4
dxe4 9. Nxe4 Nxe4 10. Bxe4 Qc7 11. b3 e5 12. c5 Be7 13. dxe5 Nxc5 14. Bc2 Bg4
15. Bb2 Rad8 16. Qe2 Bxf3 17. Qxf3 Rd2 18. Rac1 Rfd8 19. Bc3 R2d5 20. Rce1 Ne6
21. Qg3 Bc5 22. Be4 R5d7 23. Kh1 Bd4 24. f4 Bxc3 25. Qxc3 Rd2 26. Bb1 Qd7 27.
f5 Qd5 28. Qg3 Nc5 29. Qg4 Rd4 30. Qg5 h6 31. Qh5 Rd2 32. Rg1 Nd3 33. Bxd3 Qxd3
34. e6 fxe6 35. fxe6 Qd5 36. Re5 1-0

[Event "7. LGA Premium Cup"]
[Site "Nürnberg"]
[Date "2010.09.03"]
[Round "2.55"]
[White "Arnold, Max"]
[Black "Bauer, Manfred"]
[Result "1-0"]
[WhiteElo "1950"]
[BlackElo "2148"]
[PlyCount "63"]
[EventDate "2010.??.??"]
[WhiteTeam "SF Pfalzgrafenweiler"]
[BlackTeam "SK Schmiden/Cannstatt"]

1. e4 c5 2. Nf3 d6 3. d4 cxd4 4. Nxd4 Nf6 5. Nc3 g6 6. Be3 Bg7 7. f3 O-O 8. Bc4
Nc6 9. Qd2 Bd7 10. Bb3 Na5 11. g4 Rb8 12. h4 b5 13. h5 Nc4 14. Bxc4 bxc4 15.
Bh6 Bxh6 16. Qxh6 Qb6 17. hxg6 Qxd4 18. Nd5 fxg6 19. c3 Qe5 20. Nxf6+ Rxf6 21.
Qxh7+ Kf8 22. Qh8+ Kf7 23. Rh7+ Ke6 24. Qxb8 Qg3+ 25. Kd2 Qf2+ 26. Kc1 Qe3+ 27.
Kc2 Qd3+ 28. Kc1 Ba4 29. b3 Qxc3+ 30. Kb1 cxb3 31. axb3 Bxb3 32. Rxe7+ 1-0

[Event "7. LGA Premium Cup"]
[Site "Nürnberg"]
[Date "2010.09.03"]
[Round "2.56"]
[White "Lodes, Hermann"]
[Black "Mehringer, Jörg"]
[Result "1-0"]
[WhiteElo "2144"]
[BlackElo "1904"]
[PlyCount "71"]
[EventDate "2010.??.??"]
[BlackTeam "SC Weisse Dame e.V."]

1. e4 e5 2. Nf3 Nc6 3. d4 exd4 4. Bc4 Nf6 5. e5 d5 6. Bb5 Nd7 7. O-O Be7 8. Re1
O-O 9. Bxc6 bxc6 10. Nxd4 Bb7 11. Qg4 Kh8 12. Nf5 Rg8 13. Bf4 Nf8 14. Bg3 Bc8
15. Qf3 Qd7 16. Nxe7 Qxe7 17. Nd2 Rb8 18. Nb3 Bb7 19. Qc3 Ne6 20. f4 g6 21. Bf2
h6 22. Bxa7 Rbd8 23. g3 Qd7 24. Red1 d4 25. Qf3 Qc8 26. Nc5 Ba8 27. b4 Ng7 28.
Rd2 Nf5 29. Qe4 Ne3 30. e6 fxe6 31. Rxd4 Nf5 32. Rad1 Rde8 33. Qe5+ Kh7 34.
Rd7+ Rg7 35. R1d2 Nd6 36. Qxg7# 1-0

[Event "7. LGA Premium Cup"]
[Site "Nürnberg"]
[Date "2010.09.03"]
[Round "2.57"]
[White "Wittenbrock, Frank"]
[Black "Zier, Oliver"]
[Result "0-1"]
[WhiteElo "1937"]
[BlackElo "2139"]
[PlyCount "112"]
[EventDate "2010.??.??"]
[WhiteTeam "Schachklub Halle 1946 e.V."]
[BlackTeam "TSV Bindlach Aktionär-Schachabte"]

1. d4 d5 2. Nf3 Nf6 3. c4 e6 4. Nc3 Be7 5. Bf4 O-O 6. e3 Nbd7 7. Rc1 c5 8. cxd5
Nxd5 9. Bg3 cxd4 10. exd4 N7f6 11. Bd3 b6 12. O-O Bb7 13. Re1 Rc8 14. Qe2 Bd6
15. Ne5 Bb4 16. Qd2 Nh5 17. Be4 Nxg3 18. hxg3 h6 19. Qd3 Rc7 20. Re2 Qc8 21.
Rec2 Nxc3 22. Bxb7 Qxb7 23. bxc3 Bd6 24. Nf3 Rfc8 25. c4 Qa6 26. Nd2 Bb4 27.
Nb1 Rd8 28. Qb3 Be7 29. Rd1 Rcd7 30. Rcd2 Rc8 31. Rc2 Qa5 32. a4 Bf6 33. Rcd2
Rcd8 34. d5 exd5 35. Rxd5 Rxd5 36. cxd5 Be7 37. Nc3 Bb4 38. Ne2 Bc5 39. Nc3 Rc8
40. Ne4 Re8 41. Nxc5 Qxc5 42. Qb5 Qxb5 43. axb5 Rd8 44. f4 Kf8 45. Kf2 Ke7 46.
Ke3 Kd6 47. Rc1 Re8+ 48. Kd4 Re2 49. Ra1 Rd2+ 50. Kc4 Rc2+ 51. Kb4 Rc7 52. Rd1
f6 53. g4 Rc2 54. g3 Rc7 55. Rd4 Rc5 56. Rc4 Kxd5 0-1

[Event "7. LGA Premium Cup"]
[Site "Nürnberg"]
[Date "2010.09.03"]
[Round "2.58"]
[White "Willim, Michael"]
[Black "Baskin, Robert"]
[Result "0-1"]
[WhiteElo "2134"]
[BlackElo "1870"]
[PlyCount "42"]
[EventDate "2010.??.??"]
[WhiteTeam "SC Erlangen 48/88"]
[BlackTeam "SAbt TuS Makkabi Ffm"]

1. c4 e5 2. g3 Nf6 3. Bg2 d5 4. cxd5 Nxd5 5. Nf3 Nc6 6. O-O Nb6 7. Nc3 Be7 8.
d3 O-O 9. a3 Be6 10. Be3 f5 11. Na4 Nxa4 12. Qxa4 Bf6 13. Rac1 Nd4 14. Nxd4
exd4 15. Bf4 c6 16. b4 Bd5 17. Rc5 Bxg2 18. Kxg2 Be7 19. Rc2 Qd5+ 20. Kg1 a5
21. bxa5 b5 0-1

[Event "7. LGA Premium Cup"]
[Site "Nürnberg"]
[Date "2010.09.03"]
[Round "2.60"]
[White "Dünzel, Jonas"]
[Black "Zikeli, Julia"]
[Result "1-0"]
[WhiteElo "2117"]
[BlackElo "1844"]
[PlyCount "57"]
[EventDate "2010.??.??"]
[WhiteTeam "Schachclub 90 Niesky"]
[BlackTeam "SG Schwäb.Gmünd 1872 e.V"]

1. e4 c5 2. Nf3 d6 3. d4 cxd4 4. Nxd4 Nf6 5. Nc3 a6 6. Be3 e5 7. Nf3 Be6 8. Ng5
Qc7 9. Nxe6 fxe6 10. Qf3 Nbd7 11. Qh3 Kf7 12. a4 d5 13. exd5 exd5 14. Bd2 d4
15. Nd1 Qxc2 16. Bd3 Qc6 17. Rc1 Qd6 18. Bc4+ Ke7 19. Qb3 Nc5 20. Qa3 Kd7 21.
O-O Be7 22. Bb4 Rhc8 23. Ne3 g6 24. Ba2 b5 25. Rfd1 bxa4 26. Nc4 Qb8 27. f4 a5
28. Nxe5+ Ke8 29. Bxc5 1-0

[Event "7. LGA Premium Cup"]
[Site "Nürnberg"]
[Date "2010.09.03"]
[Round "2.61"]
[White "Madlo-Thiess, Franziska"]
[Black "Nuding, Matthias"]
[Result "0-1"]
[WhiteElo "1906"]
[BlackElo "2130"]
[PlyCount "88"]
[EventDate "2010.??.??"]
[WhiteTeam "SC Erlangen 48/88"]
[BlackTeam "SW Nürnberg Süd e.V."]

1. b3 e5 2. Bb2 Nc6 3. e4 Nf6 4. Nc3 Bc5 5. Nf3 Ng4 6. d4 exd4 7. Na4 Bb4+ 8.
Nd2 d6 9. Bb5 Qf6 10. O-O Nxh2 11. Bxc6+ bxc6 12. Kxh2 Qh6+ 13. Kg1 Bxd2 14.
Bxd4 O-O 15. Qf3 Bd7 16. Bc3 Bxc3 17. Nxc3 f5 18. Rfe1 fxe4 19. Qxe4 Rf4 20.
Qe3 Re8 21. Qd2 Rh4 22. Rxe8+ Bxe8 23. Qxh6 Rxh6 24. Re1 Kf8 25. Re4 Rh5 26.
Nd1 c5 27. Ne3 Bc6 28. Rf4+ Kg8 29. Nf5 g5 30. Ng3 gxf4 31. Nxh5 f3 32. g3 Kf7
33. Kf1 Be4 34. c3 Bb1 35. a3 Ba2 36. b4 cxb4 37. axb4 c5 38. Nf4 cxb4 39. cxb4
Kf6 40. Ke1 Ke5 41. Kd2 Kd4 42. Nd3 Bb1 43. Ne1 Be4 44. g4 a6 0-1

[Event "7. LGA Premium Cup"]
[Site "Nürnberg"]
[Date "2010.09.03"]
[Round "2.62"]
[White "Hund, Gerhard"]
[Black "Balhar, Michael"]
[Result "1-0"]
[WhiteElo "2119"]
[BlackElo "1812"]
[PlyCount "45"]
[EventDate "2010.??.??"]
[WhiteTeam "SK Mering"]
[BlackTeam "SC Erlangen 48/88"]

1. Nf3 d5 2. d4 Nf6 3. Bf4 e6 4. e3 Be7 5. Nbd2 Nbd7 6. c3 b6 7. Bd3 Bb7 8. O-O
O-O 9. Ne5 Nxe5 10. Bxe5 Bd6 11. f4 Re8 12. Rf3 Ne4 13. Rh3 g6 14. Bxd6 Nxd6
15. Nf3 Kg7 16. Ng5 h6 17. Bxg6 hxg5 18. Rh7+ Kg8 19. Qh5 Qf6 20. Rh6 Kg7 21.
fxg5 Qxg6 22. Rxg6+ fxg6 23. Qh6+ 1-0

[Event "7. LGA Premium Cup"]
[Site "Nürnberg"]
[Date "2010.09.03"]
[Round "2.63"]
[White "Neumann, Robert"]
[Black "Osmanovic, Faruk"]
[Result "0-1"]
[WhiteElo "1882"]
[BlackElo "2118"]
[PlyCount "156"]
[EventDate "2010.??.??"]
[WhiteTeam "SC Noris-Tarrasch Nürnberg 1873"]
[BlackTeam "SC Blau.Turm Bad Wimpfen"]

1. c4 e6 2. Nf3 Nf6 3. b3 b6 4. Bb2 Bb7 5. g3 d6 6. Bg2 Be7 7. O-O O-O 8. Nc3
Ne4 9. Nxe4 Bxe4 10. d3 Bb7 11. d4 Be4 12. Rc1 Nd7 13. Qd2 Bf6 14. Rfd1 Qe7 15.
Ba3 Rad8 16. Qf4 Bg6 17. h4 Rfe8 18. Qd2 Be4 19. Qe3 Ba8 20. Qd2 a5 21. Qc2 e5
22. d5 Bb7 23. Nd2 g6 24. e4 Bg7 25. Nf1 Bh6 26. Ne3 Bxe3 27. fxe3 Nf6 28. Rf1
Bc8 29. Bf3 Rf8 30. Qe2 h5 31. Rf2 Bg4 32. Qd3 Bxf3 33. Rxf3 Ng4 34. Rcf1 f6
35. Bb2 Rf7 36. a3 Rdf8 37. b4 axb4 38. axb4 Ra8 39. Ra1 Rff8 40. Rff1 Kh7 41.
Rxa8 Rxa8 42. Ra1 Qe8 43. Rxa8 Qxa8 44. Qb3 Qa6 45. b5 Qa8 46. Kg2 Kh6 47. Kf3
Qf8 48. Qc2 g5 49. Bc1 gxh4 50. gxh4 Qg8 51. Qg2 Qa8 52. Qc2 Qa5 53. Bd2 Qa1
54. Bc1 Qa8 55. Bd2 Kh7 56. Bc1 Qc8 57. Kg2 Qg8 58. Kf3 Qg6 59. Bb2 Qf7 60. Bc1
Qg8 61. Bb2 Qc8 62. Bc1 Nh6 63. Qg2 Ng4 64. Qc2 Kg7 65. Bb2 Kf7 66. Bc1 Ke7 67.
Bb2 Qg8 68. Bc1 Qc8 69. Bb2 Kf7 70. Bc1 Nh6 71. Qg2 Ng8 72. Bb2 Ne7 73. Bc1 Ng6
74. Qg3 Kg7 75. Bd2 Kh6 76. Bc1 Qa8 77. Qh3 Qa1 78. Bd2 Qd1+ 0-1

[Event "7. LGA Premium Cup"]
[Site "Nürnberg"]
[Date "2010.09.03"]
[Round "2.64"]
[White "Miller, Eduard"]
[Black "Grasser, Stefan"]
[Result "1-0"]
[WhiteElo "2110"]
[BlackElo "1800"]
[PlyCount "85"]
[EventDate "2010.??.??"]
[WhiteTeam "SC Forchheim e.V."]
[BlackTeam "SV Hellern"]

1. e4 a6 2. d4 b5 3. c4 b4 4. Be3 e6 5. Bd3 Bb7 6. Nd2 Be7 7. Ngf3 Nf6 8. h3
O-O 9. O-O d6 10. Qc2 Nfd7 11. a3 bxa3 12. b4 c5 13. bxc5 dxc5 14. d5 a5 15.
Rxa3 Na6 16. Bf4 Nb4 17. Qb1 exd5 18. exd5 Nf6 19. Ne4 Nxd3 20. Qxd3 Nxe4 21.
Qxe4 Bd6 22. Bxd6 Qxd6 23. Rb1 Rfe8 24. Qc2 Bc8 25. Rba1 Qf4 26. Qc3 Ra6 27.
Rxa5 Rxa5 28. Rxa5 Bf5 29. Rxc5 Be4 30. Qe3 Qb8 31. Rb5 Qc7 32. c5 Kf8 33. c6
Bxf3 34. Qc5+ Kg8 35. gxf3 Re1+ 36. Kg2 Qf4 37. d6 g6 38. Rb8+ Kg7 39. Qc3+ Re5
40. Rb4 Qf5 41. f4 f6 42. fxe5 Qg5+ 43. Rg4 1-0

[Event "7. LGA Premium Cup"]
[Site "Nürnberg"]
[Date "2010.09.03"]
[Round "2.65"]
[White "Hoffmann, Ayar"]
[Black "Krauß, Josef"]
[Result "0-1"]
[WhiteElo "1782"]
[BlackElo "2105"]
[PlyCount "72"]
[EventDate "2010.??.??"]
[WhiteTeam "SC Postbauer-Heng e.V"]
[BlackTeam "SV Würzburg von 1865 e.V."]

1. e4 d6 2. d4 Nf6 3. Bd3 e5 4. d5 Be7 5. h3 O-O 6. Nc3 c6 7. Nge2 cxd5 8. Nxd5
Nxd5 9. exd5 f5 10. c3 Nd7 11. Bc2 Bg5 12. Bxg5 Qxg5 13. Ng3 e4 14. h4 Qh6 15.
Qd2 Qxd2+ 16. Kxd2 Ne5 17. b3 Bd7 18. a4 b6 19. Ne2 Rac8 20. Nd4 a5 21. c4 Rce8
22. Rae1 Ng4 23. Rhf1 g6 24. Bb1 Re5 25. f3 e3+ 26. Ke2 Nf6 27. Rd1 Nh5 28.
Rfe1 f4 29. Rc1 Ng3+ 30. Kd1 Rfe8 31. Ne2 Nxe2 32. Kxe2 Kf7 33. Rh1 Kf6 34. Rh2
R5e7 35. Rd1 Bf5 36. Bxf5 gxf5 {ZÜ Weiß} 0-1

[Event "7. LGA Premium Cup"]
[Site "Nürnberg"]
[Date "2010.09.03"]
[Round "2.66"]
[White "Walter, Manfred"]
[Black "Hirschinger, Thomas"]
[Result "0-1"]
[WhiteElo "1825"]
[BlackElo "2098"]
[PlyCount "54"]
[EventDate "2010.??.??"]
[WhiteTeam "SV Lauf a.d.P."]
[BlackTeam "SK Landau"]

1. Nf3 Nf6 2. g3 b5 3. Bg2 Bb7 4. O-O e6 5. b3 Be7 6. c4 b4 7. a3 a5 8. d4 c5
9. dxc5 Na6 10. Be3 Nxc5 11. axb4 axb4 12. Rxa8 Qxa8 13. Bxc5 Bxc5 14. Nh4 d5
15. Nd2 O-O 16. Qa1 Qa3 17. Qxa3 bxa3 18. Ra1 Ra8 19. Ra2 Ng4 20. e3 Nxe3 21.
fxe3 Bxe3+ 22. Kf1 Bxd2 23. Nf3 Bc3 24. Ke2 Bb2 25. Ne1 Ba6 26. Nd3 Rb8 27.
cxd5 Rxb3 0-1

[Event "7. LGA Premium Cup"]
[Site "Nürnberg"]
[Date "2010.09.03"]
[Round "2.67"]
[White "Kregelin, Jan"]
[Black "Schweisgut, Jens"]
[Result "1/2-1/2"]
[WhiteElo "2090"]
[BlackElo "1790"]
[PlyCount "78"]
[EventDate "2010.??.??"]
[WhiteTeam "SC Hoyerswerda"]
[BlackTeam "SV Alsfeld"]

1. d4 d5 2. Nf3 g6 3. Bf4 Bg7 4. e3 Bg4 5. Be2 c5 6. Nc3 cxd4 7. exd4 Nc6 8.
O-O Nf6 9. Ne5 Bxe2 10. Nxe2 Rc8 11. c3 O-O 12. Ng3 Nd7 13. Nd3 e5 14. dxe5
Ndxe5 15. Nxe5 Nxe5 16. Ne2 Nc4 17. b3 Na5 18. Qd2 Nc6 19. Rad1 Ne7 20. Be3 Qa5
21. b4 Qc7 22. Bd4 Be5 23. Bxe5 Qxe5 24. Rfe1 Qc7 25. Nd4 a6 26. Qh6 Qd7 27.
Rd3 Nf5 28. Nxf5 Qxf5 29. Rh3 g5 30. Rhe3 Rc6 31. Qh5 Re6 32. h4 h6 33. hxg5
hxg5 34. Rxe6 fxe6 35. Qe2 Rf6 36. Rd1 Rh6 37. Qd3 Rf6 38. f3 Kg7 39. Rd2 g4
1/2-1/2

[Event "7. LGA Premium Cup"]
[Site "Nürnberg"]
[Date "2010.09.03"]
[Round "2.68"]
[White "Hirschmann, Jakob"]
[Black "Walter, Florian"]
[Result "0-1"]
[WhiteElo "1805"]
[BlackElo "2019"]
[PlyCount "94"]
[EventDate "2010.??.??"]
[WhiteTeam "SG Reil-Kinheim"]
[BlackTeam "SV Lauf a.d.P."]

1. e4 g6 2. d4 Bg7 3. Nf3 d6 4. c3 Nd7 5. Be3 a6 6. Bd3 b5 7. a4 Rb8 8. axb5
axb5 9. Qb3 Ngf6 10. h3 Bb7 11. Nbd2 O-O 12. O-O c5 13. Bc2 Qc7 14. Rfc1 Rfc8
15. Ng5 e6 16. f4 h6 17. Ngf3 Ne8 18. f5 gxf5 19. exf5 Bd5 20. c4 bxc4 21. Qc3
cxd4 22. Bxd4 e5 23. Bf2 Nef6 24. Ra7 Rb7 25. Rca1 Rcb8 26. b3 e4 27. Nh4 Nh5
28. Rxb7 Qxb7 29. Bd4 cxb3 30. Bxb3 Bxb3 31. Bxg7 Nxg7 32. f6 Nh5 33. Nf5 Kh7
34. Kh2 Qd5 35. Ra5 Qd3 36. Qc7 Nhxf6 37. Qc1 Qc2 38. Nxb3 Qxc1 39. Nxc1 d5 40.
Ne2 Rb2 41. Ned4 Rd2 42. Kg1 e3 43. Kf1 Ne5 44. Ra6 Ne4 45. Rxh6+ Kg8 46. Ne7+
Kf8 47. Nxd5 e2+ 0-1

[Event "7. LGA Premium Cup"]
[Site "Nürnberg"]
[Date "2010.09.03"]
[Round "2.69"]
[White "Myagkov, Kirill"]
[Black "Wiesgickl, Gerhard"]
[Result "1-0"]
[WhiteElo "1795"]
[BlackElo "2076"]
[PlyCount "63"]
[EventDate "2010.??.??"]
[WhiteTeam "SC Noris-Tarrasch Nürnberg 1873"]
[BlackTeam "SG Siemens Amberg"]

1. e4 c5 2. Nc3 Nc6 3. g3 g6 4. Bg2 Bg7 5. f4 e6 6. Nf3 Nge7 7. d3 O-O 8. Be3
d6 9. h4 h5 10. Ng5 b6 11. g4 d5 12. Bd2 dxe4 13. Bxe4 f5 14. Bxc6 Nxc6 15.
gxh5 e5 16. hxg6 exf4 17. Bxf4 Re8+ 18. Kd2 Qd4 19. Qf3 Na5 20. Qd5+ Qxd5 21.
Nxd5 Bb7 22. Nc7 Bxh1 23. Nxe8 Rxe8 24. Rxh1 Bxb2 25. h5 Kg7 26. Nf7 Nc6 27.
Rg1 Nd4 28. Be5+ Kf8 29. Bd6+ Kg7 30. h6+ Kf6 31. Be5+ Ke6 32. Bxd4 1-0

[Event "7. LGA Premium Cup"]
[Site "Nürnberg"]
[Date "2010.09.03"]
[Round "2.70"]
[White "Fiedler, Wolfgang"]
[Black "Babichev, Vyacheslav"]
[Result "1-0"]
[WhiteElo "2073"]
[BlackElo "1785"]
[PlyCount "93"]
[EventDate "2010.??.??"]
[WhiteTeam "SC Forchheim e.V."]
[BlackTeam "SW Nürnberg Süd e.V."]

1. Nf3 Nf6 2. g3 g6 3. Bg2 Bg7 4. c4 O-O 5. Nc3 d6 6. e4 Nc6 7. d4 e5 8. d5 Na5
9. Qe2 c5 10. h3 a6 11. O-O Bd7 12. Rb1 b6 13. b3 Nh5 14. Bd2 Rb8 15. Rfc1 f5
16. exf5 Bxf5 17. Ne4 Nf6 18. Nfg5 Nxe4 19. Bxe4 Bd7 20. Ne6 Bxe6 21. dxe6 Nb7
22. h4 Qe7 23. Qg4 Bf6 24. h5 g5 25. f4 exf4 26. gxf4 h6 27. f5 Bd4+ 28. Kh1
Qf6 29. Bd5 Kg7 30. Rf1 Rfe8 31. Rbe1 Re7 32. Qg3 Rd8 33. Re4 b5 34. Rg4 Be5
35. Qg2 Kh8 36. Bxb7 bxc4 37. Rxc4 Bd4 38. Bd5 Rg8 39. Qg3 g4 40. Kg2 Be5 41.
Bc3 Kh7 42. Bxe5 dxe5 43. Re4 Qg5 44. Qxe5 Qxh5 45. Rh1 Qg5 46. f6 Qd2+ 47. Re2
1-0

[Event "7. LGA Premium Cup"]
[Site "Nürnberg"]
[Date "2010.09.03"]
[Round "2.71"]
[White "Strobl, Helmut"]
[Black "Sieber, Heiko"]
[Result "0-1"]
[WhiteElo "1789"]
[BlackElo "2066"]
[PlyCount "70"]
[EventDate "2010.??.??"]
[WhiteTeam "SK Mering"]
[BlackTeam "PTSV SK Hof 1892"]

1. c4 c5 2. g3 g6 3. Bg2 Bg7 4. Nf3 Nc6 5. Nc3 Nf6 6. O-O O-O 7. d4 cxd4 8.
Nxd4 Nxd4 9. Qxd4 d6 10. Qd3 Rb8 11. e4 Nd7 12. Be3 Ne5 13. Qe2 Bg4 14. f3 Be6
15. Nd5 b6 16. Rad1 Bd7 17. h3 e6 18. Nb4 a5 19. Nc2 b5 20. c5 Nc4 21. cxd6
Nxb2 22. Rb1 Nc4 23. Rfd1 Be5 24. Bf4 Bxf4 25. gxf4 Qf6 26. Ne3 Nb6 27. Ng4
Qxf4 28. e5 Bc6 29. Nf6+ Kg7 30. Rbc1 Nc4 31. d7 Nxe5 32. Ne8+ Kg8 33. d8=Q
Rxd8 34. Rxd8 Qxc1+ 35. Rd1 Qc5+ 0-1

[Event "7. LGA Premium Cup"]
[Site "Nürnberg"]
[Date "2010.09.03"]
[Round "2.72"]
[White "Karasek, Christian"]
[Black "Wettermann, Bernd"]
[Result "0-1"]
[WhiteElo "2063"]
[BlackElo "1768"]
[PlyCount "54"]
[EventDate "2010.??.??"]
[BlackTeam "FC Konradsreuth"]

1. e4 e5 2. Nf3 Nc6 3. Bb5 Bc5 4. c3 Nge7 5. d4 exd4 6. cxd4 Bb6 7. d5 Nb8 8.
Bg5 f6 9. Bf4 c6 10. Bc4 cxd5 11. exd5 d6 12. Nc3 O-O 13. O-O Bg4 14. Ne4 Bc7
15. h3 Bh5 16. Qb3 Nd7 17. Nd4 Bf7 18. Bxd6 Nb6 19. Bxe7 Qxe7 20. Ne6 Rfc8 21.
Nxc7 Rxc7 22. d6 Qxe4 23. Bxf7+ Rxf7 24. Rad1 Qc4 25. Qa3 a6 26. Rfe1 Rd8 27.
Qa5 Qb5 0-1